000 00582nam 22001813 4500
001 198918
021 _aPT
_b15566/87
090 _a198918
100 _a20251110d u||y0pory50 ba
200 _aO raciocínio diferencial dos jovens : avaliação, desenvolvimento e diferenciação
_fLeandro S. Almeida
210 _aPorto
_cInstituto Nacional de Investigação Científica
_d1988
215 _a286 p.
_d24 cm
_cbrochado
225 _aPsicologia
_h8
606 _933
_aPsicologia
675 _a159.9
_vPT
_zpor
700 _914826
_aAlmeida
_bLeandro S.
801 _aPT
_bBMMN
_gRPC
990 _cLIVROS